Statistics for Every NBA Teams Best Playoff Performer of All-Time

Click here to take the quiz!

General Stats

  • This quiz has been taken 32 times
  • The average score is 25 of 30

Answer Stats

TeamPlayer% Correct
MILKareem Abdul-Jabbar
93%
OKLKevin Durant
93%
BKNKevin Durant
93%
MIALeBron James
93%
CLELeBron James
93%
CHIMichael Jordan
93%
DENNikola Jokic
93%
LALShaquille O'Neal
93%
ORLShaquille O'Neal
93%
BOSBill Russell
90%
DALDirk Nowitzki
90%
HOUHakeem Olajuwon
90%
GSWSteph Curry
90%
DETIsiah Thomas
87%
TORKawhi Leonard
87%
MINKevin Garnett
87%
INDReggie Miller
87%
UTAKarl Malone
83%
SASTim Duncan
83%
NOPAnthony Davis
80%
ATLBob Pettit
80%
LACChris Paul
80%
MEMJa Morant
73%
PHOSteve Nash
73%
WASWes Unseld
70%
PORBill Walton
67%
SACOscar Robertson
63%
PHIWilt Chamberlain
63%
NYKWalt Frazier
60%
CHAAlonzo Mourning
53%

Score Distribution

Percentile by Number Answered

Percent of People with Each Score

Your Score History

You have not taken this quiz